Countries With the Most Caves - Statistics

General Stats
  • This quiz has been taken 38 times
  • The average score is 4 of 7
Answer Stats
# Answer % Correct
45,000 United States
100%
2,500 Mexico
78%
4,000 Australia
67%
2,500 Brazil
67%
1,412 France
64%
300 Vietnam
42%
4,000 Ukraine
25%
No matching quizzes found
Score Distribution
Percent of People with Each Score
Percentile by Number Answered
Your Score History
You have not taken this quiz